Click the United Kingdom Cities on a Map - Statistics

General Stats
  • This quiz has been taken 54 times
  • The average score is 28 of 40
Answers on the Map
Answers color-coded by a green-red scale on the quiz's map according to % correct below.
 
Answer Stats
Answer % Correct
Belfast
92%
Glasgow
89%
Liverpool
89%
Edinburgh
87%
London
87%
Derry
84%
Inverness
84%
Bristol
79%
Cardiff
79%
Manchester
79%
Newcastle upon Tyne
79%
Aberdeen
76%
Dundee
76%
Plymouth
76%
Douglas
74%
Dover
74%
Norwich
74%
Sheffield
74%
Southampton
74%
Swansea
74%
Birmingham
71%
Ipswich
71%
York
71%
Kingston upon Hull
68%
Gloucester
66%
Oxford
66%
Reading
66%
Lincoln
63%
Stoke-on-Trent
63%
Cambridge
61%
Leeds
61%
Luton
61%
Exeter
58%
Peterborough
58%
Bournemouth
53%
Leicester
53%
Nottingham
53%
Portsmouth
53%
Middlesbrough
50%
Eastbourne
47%
No matching quizzes found
Score Distribution
Percent of People with Each Score
Percentile by Number Answered
Your Score History
You have not taken this quiz